Econometric foundations / (Record no. 768)

MARC details
000 -LEADER
fixed length control field 02153cam a22002054a 4500
020 ## - INTERNATIONAL STANDARD BOOK NUMBER
ISBN 0521623944 hb
022 ## - INTERNATIONAL STANDARD SERIAL NUMBER
ISSN 9780521623940
050 00 - CALL NUMBER
Classification number HB139
Item number .M575
100 1# - AUTHOR
Personal name Mittelhammer, Ron.
110 ## - AUTHOR
CORPORATE AUTHOR George G. Judge, Douglas J. Miller.
245 10 - TITLE
Title Econometric foundations /
Statement of responsibility, etc Ron C. Mittelhammer, George G. Judge, Douglas J. Miller.
260 ## - PUBLICATION INFORMATION
Place of publication New York :
Name of publisher Cambridge University Press,
Year of publication 2000.
300 ## - DESCRIPTION
Number of Pages xxviii, 756 p. ;
Dimensions 26 cm. +
Accompanying material 1 computer optical disc (4 3/4 in.)
500 ## - NOTES
General note Includes index.
505 ## - FORMATTED CONTENTS NOTE
Table of Content The process of econometric information recovery --<br/>Probability-econometric models --<br/>The multivariate normal linear regression model: ML estimation --<br/>The multivariate normal linear regression model: inference --<br/>The linear semiparametric regression model: least-squares estimation --<br/>The linear semiparametric regression model: inference --<br/>Extremum estimators and nonlinear and nonnormal regression models --<br/>The nonlinear semiparametric regression model: estimation and inference --<br/>Nonlinear and nonnormal parametric regression models --<br/>Stochastic regressors and moment-based estimation --<br/>Quasi-maximum likelihood and estimating equations --<br/>Empirical likelihood estimation and inference --<br/>Information theoretic-entropy approaches to estimation and inference --<br/>Regression models with a known general noise covariance matrix --<br/>Regression models with an unknown general noise covariance matrix --<br/>Generalized moment-based estimation and inference --<br/>Simultaneous equations econometric models: estimation and inference --<br/>Model discovery: the problem of variable selection and conditioning --<br/>Model discovery: the problem of noise covariance matrix specification --<br/>Qualitative-censored response models --<br/>Introduction to nonparametric density and regression analysis --<br/>Bayesian estimation: general principles with a regression focus --<br/>Alternative Bayes formulations for the regression model --<br/>Bayesian inference --<br/>Appendix: Introduction to computer simulation and resampling methods.
650 #0 - SUBJECTS
Topical Term Econometrics.
700 1# - OTHER AUTHORS
Personal name Judge, George G.
700 1# - OTHER AUTHORS
Personal name Miller, Douglas,
942 ## - ADDED ENTRY ELEMENTS (KOHA)
Koha item type Books
Holdings
Withdrawn status Lost status Collection code Home library Current library Shelving location Date acquired Full call number Accession Number Copy number Koha item type
    Reference Methodist University Library Main Methodist University Library Main General Stacks   HB139 .M575 11251 1 Books
    Reference Methodist University Library Main Methodist University Library Main General Stacks   HB139 .M575 11250 2 Books
      Methodist University Library Main Methodist University Library Main General Stacks   HB139 .M575 11252 3 Books
Copyright © 2026  MUG Library